Thí nghiệm thiết bị điện (Kỹ thuật điện). Tập 2 = Electric equipments lab (Electrical technology). Series 2

Сохранить в:
Библиографические подробности
Формат:
Язык:Vietnamese
Опубликовано: Lao động xã hội 2001
Предметы:
Метки: Добавить метку
Нет меток, Требуется 1-ая метка записи!
Thư viện lưu trữ: Mạng thư viện Đại học Đà Nẵng
LEADER 01078nam a2200301 a 4500
001 000002667
003 01734
005 20171229145311.0
008 171229s2001 vie
040 |a LSK 
041 0 |a VIE 
082 0 |a 621.3  |b SI-C 
245 0 0 |a Thí nghiệm thiết bị điện (Kỹ thuật điện). Tập 2 = Electric equipments lab (Electrical technology). Series 2  |c Choi Yong Sik; Nguyễn Đức Hiến dịch 
260 |b Lao động xã hội  |c 2001 
300 |a 78 pages  |c 27 cm. 
653 |a Điện - Thiết bị 
852 |a Phòng Đọc - Phòng Mượn 
901 |a 5 
927 |a Sách tham khảo 
OWN |a LSK 
AVA |a UDN50  |b LSK  |d 621.3 SI-C  |e available  |t Error 5001 Not defined in file expand_doc_bib_avail.  |f 5  |g 0  |h N  |i 0  |k 1 
999 |a From the UDN01 
AVA |a UDN50  |b LSK  |d 621.3 SI-C  |e available  |t Error 5001 Not defined in file expand_doc_bib_avail.  |f 5  |g 0  |h N  |i 0  |k 1 
TYP |a Monograph 
TYP |a Printed language 
980 |a Mạng thư viện Đại học Đà Nẵng